Normal view
MARC view
- Schulz Elmer Harry
Entry Personal Name
001 - CONTROL NUMBER
- control field: 102364
003 - CONTROL NUMBER IDENTIFIER
- control field: NUST
005 - DATE AND TIME OF LATEST TRANSACTION
- control field: 20221104093906.0
008 - FIXED-LENGTH DATA ELEMENTS
- fixed length control field: 221104|| aca||aabn | a|a d
040 ## - CATALOGING SOURCE
- Original cataloging agency: NUST
- Transcribing agency: NUST
100 ## - HEADING--PERSONAL NAME
- Personal name: Schulz Elmer Harry
670 ## - SOURCE DATA FOUND
- Source citation: Work cat.: (NUST)180909: Experiments in electronics and communication engineering,, 1954
